000 01454cam a22004454i 4500
003 PE-LiUPU
005 20250731183347.0
008 070730s2006 sp e r 000 0 spa d
016 7 _abimoBNE20070548827
_2SpMaBN
017 _aB 40985-2006
020 _a849348282X
020 _a9788493482824
035 _a(Sirsi) i9788493482824
040 _aBNM
_bspa
_erda
_cBNM
_dSUE
_dOCLCQ
_dPE-LiUPU
041 0 _aspa
_aeng
080 _a72 Corea, Mario
082 1 4 _a720.92
_bC78
_222
100 1 _aCorea, Mario,
_d1939- ,
_eautor.
245 1 0 _aMario Corea :
_b1985 - 2006 /
_c Mario Corea; Editor: Diane Gray
246 1 3 _aMario Corea Arquitecturas.
264 _a[Barcelona] :
_bActarPro,
_c[2006]
300 _a525 páginas :
_bilustraciones ;
_c25 centímetros
336 _atext
_2rdacontent
337 _aunmediated
_2rdamedia
338 _avolume
_2rdacarrier
526 _aP158
526 _aP146
526 _aP17
526 _aP12
526 _aP06
546 _aTexto en español e inglés.
600 1 4 _aMario Corea.
600 1 7 _aCorea, Mario,
_d1939-
_2embne
650 0 4 _aArquitectura moderna
_ySiglo 20.
910 _ajck
942 _2ddc
_cBOOK
949 _a720.92 C78
_wDEWEY
_c1
_i73783
_lCCODEBUL1
_mBUL
_p27.77
_r0
_sY
_tBOOK
_u2016-6-24
_xINGENIERIA
_0COMPRA
_o.STAFF. Colección General
980 _81
_gALBERTO SANCHEZ Responsable de Automatización
999 _c10153
_d10153